Normal view
MARC view
Entry Personal Name
001 - CONTROL NUMBER
- control field: 7443
003 - CONTROL NUMBER IDENTIFIER
- control field: OSt
005 - DATE AND TIME OF LATEST TRANSACTION
- control field: 20211028144118.0
008 - FIXED-LENGTH DATA ELEMENTS
- fixed length control field: 211028|| aca||aabn | a|a d
040 ## - CATALOGING SOURCE
- Original cataloging agency: OSt
- Transcribing agency: OSt
100 ## - HEADING--PERSONAL NAME
- Personal name: Pradeep, Archana N; Dias, Beena.
- Miscellaneous information: 1416020
670 ## - SOURCE DATA FOUND
- Source citation: Work cat.: (OSt): Pradeep, Archana N; Dias, Beena. 1416020, Study on perceived customer loyalty towards rebranding with reference to Krishna Kannur., 2016